<?xml version="1.0" encoding="UTF-8"?><?xml-stylesheet type="text/xsl" href="static/style.xsl"?><OAI-PMH xmlns="http://www.openarchives.org/OAI/2.0/" xmlns:xsi="http://www.w3.org/2001/XMLSchema-instance" xsi:schemaLocation="http://www.openarchives.org/OAI/2.0/ http://www.openarchives.org/OAI/2.0/OAI-PMH.xsd"><responseDate>2026-04-17T12:04:36Z</responseDate><request verb="GetRecord" identifier="oai:www.recercat.cat:2445/198584" metadataPrefix="marc">https://recercat.cat/oai/request</request><GetRecord><record><header><identifier>oai:recercat.cat:2445/198584</identifier><datestamp>2025-12-05T09:41:34Z</datestamp><setSpec>com_2072_1057</setSpec><setSpec>col_2072_478778</setSpec><setSpec>col_2072_478917</setSpec></header><metadata><record xmlns="http://www.loc.gov/MARC21/slim" xmlns:dcterms="http://purl.org/dc/terms/" xmlns:xsi="http://www.w3.org/2001/XMLSchema-instance" xmlns:doc="http://www.lyncode.com/xoai" xsi:schemaLocation="http://www.loc.gov/MARC21/slim http://www.loc.gov/standards/marcxml/schema/MARC21slim.xsd">
   <leader>00925njm 22002777a 4500</leader>
   <datafield ind2=" " ind1=" " tag="042">
      <subfield code="a">dc</subfield>
   </datafield>
   <datafield ind2=" " ind1=" " tag="720">
      <subfield code="a">Rostovtseva, Victoria</subfield>
      <subfield code="e">author</subfield>
   </datafield>
   <datafield ind2=" " ind1=" " tag="720">
      <subfield code="a">Butovskaya, M. L.</subfield>
      <subfield code="e">author</subfield>
   </datafield>
   <datafield ind2=" " ind1=" " tag="720">
      <subfield code="a">Mezentseva, A. A.</subfield>
      <subfield code="e">author</subfield>
   </datafield>
   <datafield ind2=" " ind1=" " tag="720">
      <subfield code="a">Butovskaya, P. R.</subfield>
      <subfield code="e">author</subfield>
   </datafield>
   <datafield ind2=" " ind1=" " tag="720">
      <subfield code="a">Rosa de la Cruz, Araceli</subfield>
      <subfield code="e">author</subfield>
   </datafield>
   <datafield ind2=" " ind1=" " tag="720">
      <subfield code="a">Mesa Gonzalez, T.</subfield>
      <subfield code="e">author</subfield>
   </datafield>
   <datafield ind2=" " ind1=" " tag="720">
      <subfield code="a">Lazebny, O. E.</subfield>
      <subfield code="e">author</subfield>
   </datafield>
   <datafield ind2=" " ind1=" " tag="720">
      <subfield code="a">Rosa, A.</subfield>
      <subfield code="e">author</subfield>
   </datafield>
   <datafield ind2=" " ind1=" " tag="260">
      <subfield code="c">2023-05-29T14:53:38Z</subfield>
   </datafield>
   <datafield ind2=" " ind1=" " tag="260">
      <subfield code="c">2023-05-29T14:53:38Z</subfield>
   </datafield>
   <datafield ind2=" " ind1=" " tag="260">
      <subfield code="c">2022-01-01</subfield>
   </datafield>
   <datafield ind2=" " ind1=" " tag="260">
      <subfield code="c">2023-05-29T14:53:39Z</subfield>
   </datafield>
   <datafield ind2=" " ind1=" " tag="520">
      <subfield code="a">Here we report on the results of an experimental study investigating "who?" emerges as a leader in the context of male group cooperation and "how?" they do that. The study was designed based on the iterated Public Goods Game, played face-to-face in groups composed of four male strangers. The game involved interactions both with and without communication to allow the assessment of individual cooperative strategies, leadership potential, and individual features of positive nonverbal expressiveness during interactions. Along with the individual behavioural characteristics we have addressed personality traits (the Big Five) and an oxytocin receptor gene polymorphism (OXTR: SNP rs53576; A/G) as putative markers of individual sociability. Our results revealed that emergent leaders most often employed the strategy of unconditional cooperation ("altruism") and were characterized by enhanced positive facial expressiveness and extraversion compared to non-leaders. However, a fraction of emergent leaders (25%) turned out to be occasional free-riders ("cheaters"). Their distinctive features were the highest scores on extraversion, exaggerated activity in negotiations, and over-expression of positive nonverbal elements. Given the high efficiency of leaders-cheaters' behaviour, we consider this result as the evidence for supernormal stimuli functioning in humans. Moreover, leaders-cheaters were characterized by a specific allelic frequency of OXTR rs53576 (heterozygosity: AG). The homozygous GG variant of this SNP is argued to be associated with prosociality, and the AA, on the contrary, with poor sociability. The heterozygous variant (AG) probably is a compromise that enables its carriers to successfully combine high social skills with anti-social behavior (free-riding). This finding supports existing evidence on the role of OXTR rs53576 in human social behaviour.</subfield>
   </datafield>
   <datafield tag="653" ind2=" " ind1=" ">
      <subfield code="a">Lideratge</subfield>
   </datafield>
   <datafield tag="653" ind2=" " ind1=" ">
      <subfield code="a">Homes</subfield>
   </datafield>
   <datafield tag="653" ind2=" " ind1=" ">
      <subfield code="a">Comunicació no verbal</subfield>
   </datafield>
   <datafield tag="653" ind2=" " ind1=" ">
      <subfield code="a">Personalitat</subfield>
   </datafield>
   <datafield tag="653" ind2=" " ind1=" ">
      <subfield code="a">Leadership</subfield>
   </datafield>
   <datafield tag="653" ind2=" " ind1=" ">
      <subfield code="a">Men</subfield>
   </datafield>
   <datafield tag="653" ind2=" " ind1=" ">
      <subfield code="a">Nonverbal communication</subfield>
   </datafield>
   <datafield tag="653" ind2=" " ind1=" ">
      <subfield code="a">Personality</subfield>
   </datafield>
   <datafield ind2="0" ind1="0" tag="245">
      <subfield code="a">Leaders-cheaters in male group cooperation: differences in nonverbal communication and genetic factors</subfield>
   </datafield>
</record></metadata></record></GetRecord></OAI-PMH>